Statistics for Top 15 Countries with Covid-19 Cases - 8 November

Click here to take the quiz!

General Stats

  • This quiz has been taken 17 times
  • The average score is 17 of 24

Answer Stats

country% Correct
Italy
100%
United Kingdom
100%
United States
100%
India
94%
Mexico
94%
Russia
94%
Argentina
88%
Brazil
88%
France
88%
Germany
88%
Peru
88%
Spain
88%
Iran
82%
South Africa
76%
Chile
71%
Colombia
71%
Belgium
59%
Israel
41%
Panama
41%
Armenia
35%
Czechia
35%
Bahrain
29%
Qatar
29%
Kuwait
24%

Score Distribution

Percentile by Number Answered

Percent of People with Each Score

Your Score History

You have not taken this quiz